[Event "Katowice"]
[Site "Katowice"]
[Date "2018.05.07"]
[Round "1.1"]
[White "Frolov, Artur"]
[Black "Krzywda, Andrzej"]
[Result "1/2-1/2"]
[WhiteElo "2432"]
[BlackElo "2163"]
[PlyCount "77"]
[EventDate "2018.??.??"]

1. e4 c5 2. Nf3 e6 3. d4 cxd4 4. Nxd4 d6 5. c4 a6 6. Nc3 b6 7. Be2 Bb7 8. O-O
Nf6 9. f3 Qc7 10. Be3 Nbd7 11. Rc1 Be7 12. Qe1 O-O 13. Qg3 Rfe8 14. Rfd1 Rac8
15. Kh1 Qb8 16. b3 Bd8 17. Bh6 Nh5 18. Qh3 gxh6 19. Qxh5 Rc5 20. Qg4+ Kh8 21.
f4 Nf6 22. Qf3 Rg8 23. Qe3 Ng4 24. Bxg4 Rxg4 25. h3 Rg7 26. Nf3 Bc7 27. f5 d5
28. e5 d4 29. Qxd4 Bxf3 30. gxf3 Bxe5 31. Qd8+ Rg8 32. Qxb8 Bxb8 33. Rg1 Rxf5
34. Rxg8+ Kxg8 35. Kg2 Rg5+ 36. Kf2 Rh5 37. Kg2 Rg5+ 38. Kf2 Rh5 39. Kg2
1/2-1/2

[Event "Katowice"]
[Site "Katowice"]
[Date "2018.05.07"]
[Round "1.2"]
[White "Teclaf, Pawel"]
[Black "Shkuran, Danylo"]
[Result "1/2-1/2"]
[WhiteElo "2373"]
[BlackElo "2395"]
[PlyCount "73"]
[EventDate "2018.??.??"]

1. e4 c5 2. Nf3 e6 3. d4 cxd4 4. Nxd4 a6 5. Nc3 Qc7 6. g3 Nf6 7. Bg2 Bb4 8. O-O
O-O 9. Bd2 Be7 10. Nb3 Nc6 11. f4 d6 12. g4 Re8 13. g5 Nd7 14. Rf3 b5 15. a3
Bf8 16. Rh3 g6 17. Qg4 Bg7 18. Qh4 Nf8 19. e5 d5 20. Qf2 Bb7 21. Ne2 Rac8 22.
Ned4 Nxd4 23. Nxd4 Qd8 24. Bf1 Nd7 25. Bb4 h5 26. Nb3 Nxe5 27. fxe5 Bxe5 28.
Bg2 Qxg5 29. Rf1 f5 30. c3 Rc4 31. Nd2 Rf4 32. Nf3 Qf6 33. Qb6 Ba8 34. Qxa6 Bc7
35. Bc5 Rc4 36. Qa7 Rc8 37. Qa6 1/2-1/2

[Event "Katowice"]
[Site "Katowice"]
[Date "2018.05.07"]
[Round "1.3"]
[White "Molchanov, Oleksii"]
[Black "Molenda, Marcin"]
[Result "1-0"]
[WhiteElo "2355"]
[BlackElo "2383"]
[PlyCount "141"]
[EventDate "2018.??.??"]

1. d4 d5 2. c4 dxc4 3. Nf3 Nf6 4. e3 a6 5. Bxc4 e6 6. O-O c5 7. dxc5 Qxd1 8.
Rxd1 Bxc5 9. Nc3 b5 10. Be2 Nbd7 11. b3 Bb7 12. Bb2 O-O 13. Rac1 Rfd8 14. a4 b4
15. Nb1 Bf8 16. Nbd2 Nc5 17. Bd4 Nfd7 18. a5 f6 19. Rc4 Bc6 20. Rc2 Bb5 21. Bc4
Rab8 22. Bxc5 Bxc4 23. Bxf8 Bd3 24. Rc7 Nxf8 25. Nd4 Bb5 26. Rcc1 e5 27. Nxb5
Rxb5 28. Nc4 Rbd5 29. Rxd5 Rxd5 30. g4 Ne6 31. Nb2 Nc5 32. Rc4 Nxb3 33. Rxb4
Nd2 34. Ra4 Kf7 35. Kg2 Ke6 36. h4 Kd6 37. Ra1 Rb5 38. Ra2 Kc6 39. Na4 Nc4 40.
Rc2 Rb4 41. Nb6 Kb5 42. Nd5 Rb3 43. Nc7+ Kb4 44. Nxa6+ Kxa5 45. Rxc4 Kxa6 46.
Rc8 Rb7 47. Kf3 Re7 48. Ke4 Kb7 49. Rc1 g6 50. g5 f5+ 51. Kd5 e4 52. Kd6 Rg7
53. Rc2 Kb6 54. Rb2+ Ka5 55. Ke5 Rc7 56. Kf4 Ka4 57. Kg3 Ka5 58. Rb1 Rd7 59.
Rb2 Rc7 60. Rb8 Rc1 61. Rb7 Rg1+ 62. Kh2 Rg4 63. Kh3 Rg1 64. Rxh7 Kb4 65. Rc7
Rh1+ 66. Kg3 Rg1+ 67. Kh2 Rg4 68. Kh3 Rg1 69. Rc6 Rh1+ 70. Kg3 Rg1+ 71. Kh2 1-0

[Event "Katowice"]
[Site "Katowice"]
[Date "2018.05.07"]
[Round "1.4"]
[White "Pacan-Milej, Kosma"]
[Black "Szustakowski, Antoni"]
[Result "1-0"]
[WhiteElo "2301"]
[BlackElo "2331"]
[PlyCount "137"]
[EventDate "2018.??.??"]

1. e4 e6 2. d4 d5 3. Bd3 dxe4 4. Bxe4 Nf6 5. Bf3 c5 6. Ne2 Nc6 7. Be3 cxd4 8.
Nxd4 Ne5 9. Nc3 Be7 10. Qe2 Nxf3+ 11. Qxf3 O-O 12. O-O-O Qa5 13. Kb1 Bd7 14.
Rd3 b5 15. Rhd1 b4 16. Ne4 Nd5 17. Nf5 exf5 18. Rxd5 fxe4 19. Qh5 Qa4 20. Rxd7
Bf6 21. Qd5 Rac8 22. Qxe4 a5 23. g4 Rfe8 24. Qd3 b3 25. Qxb3 Qxg4 26. Qxf7+ Kh8
27. Bc1 Qf5 28. Rc7 Rb8 29. f4 a4 30. b3 axb3 31. axb3 Rf8 32. Qd5 Ra8 33. Bb2
Qxf4 34. Rf7 Rac8 35. Bxf6 Rxf7 36. Qxf7 gxf6 37. Rd7 Qh6 38. Re7 Rf8 39. Re8
Rxe8 40. Qxe8+ Kg7 41. Qe7+ Kg6 42. Qe4+ Kf7 43. h4 Qh5 44. b4 f5 45. Qd5+ Ke7
46. b5 Qg6 47. Qb7+ Kd8 48. b6 Qg1+ 49. Ka2 Qc5 50. Qa8+ Kd7 51. Qa7+ Ke6 52.
Qc7 Qa5+ 53. Kb3 Qb5+ 54. Kc3 Qa5+ 55. Kc4 Qa4+ 56. Kd3 Qa3+ 57. c3 Qb2 58.
Qc8+ Kd6 59. Qc7+ Ke6 60. b7 Qb1+ 61. Kc4 Qa2+ 62. Kb5 Qb3+ 63. Ka6 Qa4+ 64.
Kb6 Qb3+ 65. Ka7 Qa4+ 66. Kb8 f4 67. Qc8+ Ke7 68. Qc5+ Kd8 69. Qd4+ 1-0

[Event "Katowice"]
[Site "Katowice"]
[Date "2018.05.07"]
[Round "1.5"]
[White "Bakalarz, Mietek"]
[Black "Piesik, Piotr"]
[Result "1-0"]
[WhiteElo "2288"]
[BlackElo "2372"]
[PlyCount "121"]
[EventDate "2018.??.??"]

1. d4 Nf6 2. Nf3 g6 3. Bf4 Bg7 4. e3 O-O 5. h3 d6 6. Be2 Nfd7 7. e4 Nc6 8. c3
e5 9. Be3 Qe8 10. dxe5 Ndxe5 11. Nxe5 Nxe5 12. O-O Be6 13. Na3 Qc6 14. f3 Nc4
15. Nxc4 Bxc4 16. Bxc4 Qxc4 17. Qd2 Rae8 18. Bd4 f5 19. b3 Bxd4+ 20. cxd4 Qb5
21. Rfe1 fxe4 22. fxe4 Re7 23. Re2 Qh5 24. Rae1 Qh4 25. e5 d5 26. Rf2 Rxf2 27.
Qxf2 Qxf2+ 28. Kxf2 Rf7+ 29. Ke3 Kf8 30. b4 Ke7 31. b5 Kd7 32. Rc1 c6 33. bxc6+
bxc6 34. e6+ Kxe6 35. Rxc6+ Kd7 36. Ra6 Kc8 37. Ra5 Re7+ 38. Kf3 Rf7+ 39. Kg3
Rd7 40. Kf4 Kb7 41. Ke5 Kb6 42. Rxd5 Re7+ 43. Kd6 Re2 44. a4 Rxg2 45. Rb5+ Ka6
46. Kc6 Rg3 47. d5 Rxh3 48. Rc5 Rf3 49. d6 h5 50. d7 Rf8 51. Re5 Rd8 52. Kc7
Rxd7+ 53. Kxd7 h4 54. Re6+ Ka5 55. Rxg6 h3 56. Rg4 h2 57. Rh4 h1=B 58. Rxh1 a6
59. Kc6 Kb4 60. a5 Kxa5 61. Ra1+ 1-0

[Event "Katowice"]
[Site "Katowice"]
[Date "2018.05.08"]
[Round "2.4"]
[White "Shkuran, Danylo"]
[Black "Molchanov, Oleksii"]
[Result "0-1"]
[WhiteElo "2395"]
[BlackElo "2355"]
[PlyCount "80"]
[EventDate "2018.??.??"]

1. e4 c5 2. Nf3 e6 3. d4 cxd4 4. Nxd4 Nc6 5. Nc3 Qc7 6. g3 a6 7. Bg2 Nf6 8. O-O
Nxd4 9. Qxd4 Bc5 10. Qd3 Ng4 11. Qe2 h5 12. Kh1 b5 13. Bf4 Ne5 14. h4 Bb7 15.
Rad1 d6 16. Nb1 Qb6 17. Bxe5 dxe5 18. Nd2 Be7 19. Nf3 f6 20. Ne1 Rc8 21. f4
exf4 22. gxf4 Qc7 23. c3 Qc4 24. Qxc4 Rxc4 25. Rd4 Rxd4 26. cxd4 Kf7 27. Rf2
Rd8 28. Nc2 a5 29. Kh2 b4 30. b3 Rd7 31. Kg3 Rc7 32. Rd2 Rc3+ 33. Kh2 Ba6 34.
f5 Bd6+ 35. Kg1 exf5 36. exf5 Bd3 37. Ne1 Bxf5 38. Bd5+ Kf8 39. Bc4 Bf4 40. Rd1
Bg4 0-1

[Event "Katowice"]
[Site "Katowice"]
[Date "2018.05.08"]
[Round "2.5"]
[White "Frolov, Artur"]
[Black "Teclaf, Pawel"]
[Result "1/2-1/2"]
[WhiteElo "2432"]
[BlackElo "2373"]
[PlyCount "50"]
[EventDate "2018.??.??"]

1. d4 Nf6 2. Nf3 g6 3. c4 Bg7 4. Nc3 d5 5. cxd5 Nxd5 6. e3 O-O 7. Bc4 Nb6 8.
Bb3 Na6 9. O-O c5 10. h3 Bf5 11. Qe2 e5 12. e4 exd4 13. exf5 dxc3 14. fxg6 hxg6
15. bxc3 c4 16. Bxc4 Nxc4 17. Qxc4 Rc8 18. Qb5 Rxc3 19. Bg5 Qd3 20. Qxb7 Rc7
21. Qb1 Qc4 22. Rc1 Qd5 23. Rd1 Qc4 24. Rc1 Qd5 25. Rd1 Qc4 $11 1/2-1/2

[Event "Katowice"]
[Site "Katowice"]
[Date "2018.05.08"]
[Round "3.1"]
[White "Teclaf, Pawel"]
[Black "Krzywda, Andrzej"]
[Result "1/2-1/2"]
[WhiteElo "2373"]
[BlackElo "2163"]
[PlyCount "60"]
[EventDate "2018.??.??"]

1. d4 Nf6 2. Bg5 Ne4 3. Bf4 d5 4. e3 e6 5. Bd3 Nf6 6. Nd2 Bd6 7. Bg3 O-O 8.
Ngf3 b6 9. e4 Be7 10. Qe2 c5 11. dxc5 bxc5 12. c4 Bb7 13. cxd5 exd5 14. exd5
Qxd5 15. Bc4 Qh5 16. O-O Nc6 17. Ba6 Bxa6 18. Qxa6 Qd5 19. Qb7 Rad8 20. Rfe1
Rd7 21. Qb3 Rfd8 22. Qxd5 Nxd5 23. Nc4 Bf6 24. Rad1 h5 25. Be5 Be7 26. h4 f6
27. Bc3 Kf7 28. a3 Bf8 29. g3 g6 30. Na5 Nxa5 $11 1/2-1/2

[Event "Katowice"]
[Site "Katowice"]
[Date "2018.05.08"]
[Round "3.2"]
[White "Molchanov, Oleksii"]
[Black "Frolov, Artur"]
[Result "1-0"]
[WhiteElo "2355"]
[BlackElo "2432"]
[PlyCount "71"]
[EventDate "2018.??.??"]

1. d4 Nf6 2. c4 e6 3. Nf3 d5 4. Nc3 Nbd7 5. Bg5 h6 6. Bh4 Be7 7. e3 O-O 8. Qc2
b6 9. cxd5 exd5 10. Bd3 Bb7 11. Bg3 c5 12. O-O Nh5 13. Be5 Nxe5 14. Nxe5 Nf6
15. Bf5 a6 16. Rfd1 Qd6 17. Nf3 c4 18. b3 b5 19. bxc4 bxc4 20. Rab1 Bc8 21. h3
Bxf5 22. Qxf5 Rab8 23. Ne5 g6 24. Qf3 Qe6 25. e4 dxe4 26. Nxe4 Nxe4 27. Qxe4
Bd6 28. f4 Rxb1 29. Rxb1 Bxe5 30. d5 Qc8 31. fxe5 Qc5+ 32. Kh1 Rd8 33. e6 Qxd5
34. e7 Qxe4 35. exd8=Q+ Kg7 36. Rc1 1-0

[Event "Katowice"]
[Site "Katowice"]
[Date "2018.05.08"]
[Round "3.3"]
[White "Pacan-Milej, Kosma"]
[Black "Shkuran, Danylo"]
[Result "0-1"]
[WhiteElo "2301"]
[BlackElo "2395"]
[PlyCount "60"]
[EventDate "2018.??.??"]

1. d4 Nf6 2. c4 g6 3. f3 Bg7 4. e4 d6 5. Be3 O-O 6. Ne2 e5 7. Nbc3 Nc6 8. Qd2
Na5 9. b3 a6 10. d5 c5 11. dxc6 bxc6 12. O-O-O Nb7 13. h4 Qc7 14. Bh6 Be6 15.
h5 Rfd8 16. Bxg7 Kxg7 17. Kb2 a5 18. g4 a4 19. hxg6 fxg6 20. Nxa4 Bxc4 21. Nd4
Bg8 22. Qh6+ Kf7 23. g5 exd4 24. gxf6 Ke8 25. Rxd4 Nc5 26. Nc3 Qb7 27. Qg7
Rxa2+ 28. Nxa2 Qxb3+ 29. Kc1 Qe3+ 30. Kd1 Bb3# 0-1

[Event "Katowice"]
[Site "Katowice"]
[Date "2018.05.08"]
[Round "3.4"]
[White "Bakalarz, Mietek"]
[Black "Molenda, Marcin"]
[Result "1/2-1/2"]
[WhiteElo "2288"]
[BlackElo "2383"]
[PlyCount "120"]
[EventDate "2018.??.??"]

1. e4 e5 2. Nf3 Nc6 3. d4 exd4 4. Nxd4 Nf6 5. Nc3 Bb4 6. Nxc6 bxc6 7. Bd3 d5 8.
exd5 cxd5 9. O-O O-O 10. Bg5 c6 11. Na4 h6 12. Bh4 Bd6 13. c4 Rb8 14. a3 Bg4
15. f3 Be6 16. cxd5 cxd5 17. Bf2 a5 18. Re1 Nd7 19. Bf1 Qg5 20. Rc1 Ne5 21. Bc5
Rfd8 22. Kh1 Qf4 23. Qd4 Nd7 24. Qxf4 Bxf4 25. Be3 Bxe3 26. Rxe3 d4 27. Rd3 Ne5
28. Rd2 Bb3 29. Nc5 a4 30. f4 Ng4 31. Kg1 Ne3 32. Kf2 Rb6 33. g3 g6 34. Be2 h5
35. Nxb3 Rxb3 36. Bd1 Nxd1+ 37. Rcxd1 Kg7 38. Rc1 Rdb8 39. Rc4 Rxb2 40. Rcxd4
Rxd2+ 41. Rxd2 Rb3 42. Ra2 Kf6 43. Kg2 Kf5 44. Kh3 Rc3 45. Kh4 Rd3 46. Kh3 Re3
47. Kh4 f6 48. Ra1 Re2 49. h3 Re3 50. Ra2 Rb3 51. Ra1 Rb7 52. Rf1 Rb3 53. Ra1
Rc3 54. Ra2 Ke4 55. Re2+ Re3 56. Rxe3+ Kxe3 57. f5 gxf5 58. Kxh5 Kf3 59. Kg6
Kxg3 60. Kxf5 Kxh3 $11 1/2-1/2

[Event "Katowice"]
[Site "Katowice"]
[Date "2018.05.08"]
[Round "3.5"]
[White "Piesik, Piotr"]
[Black "Szustakowski, Antoni"]
[Result "0-1"]
[WhiteElo "2372"]
[BlackElo "2331"]
[PlyCount "134"]
[EventDate "2018.??.??"]

1. d4 Nf6 2. Nf3 d5 3. c4 e6 4. g3 Be7 5. Bg2 O-O 6. O-O c6 7. Qc2 b6 8. cxd5
cxd5 9. Bf4 Bb7 10. Rc1 Nc6 11. Nbd2 Rc8 12. Qa4 Qd7 13. Qd1 Ne4 14. Ne5 Nxe5
15. dxe5 Nxd2 16. Qxd2 Qa4 17. b3 Qb5 18. Qd1 Ba3 19. Rxc8 Rxc8 20. Bc1 Qc5 21.
Bxa3 Qxa3 22. Qd2 Qc5 23. Rd1 h6 24. e3 Ba6 25. f4 Qc2 26. Kf2 Bd3 27. Bf3 Bg6
28. g4 Qc5 29. Kg3 Qa3 30. f5 exf5 31. Qxd5 Qe7 32. Qd6 Qg5 33. Qd7 Rf8 34. e6
fxg4 35. e7 gxf3+ 36. Kxf3 Bh5+ 37. Kf2 Qh4+ 38. Kg1 Qg5+ 39. Kf2 Bxd1 40.
exf8=Q+ Kxf8 41. Qxd1 Qf5+ 42. Kg2 Kg8 43. a4 h5 44. Qd8+ Kh7 45. Qc7 Qg6+ 46.
Kf2 Qf6+ 47. Kg2 Qb2+ 48. Kf3 Qxb3 49. Qxa7 Qd1+ 50. Kf2 Qd2+ 51. Kf3 Qxh2 52.
Qxf7 Qh3+ 53. Kf2 Qh4+ 54. Kg2 Qg4+ 55. Kf2 Qh4+ 56. Kg2 Qg5+ 57. Kh2 Qxe3 58.
Qd7 h4 59. Qf5+ Kh6 60. Qf8 Qe5+ 61. Kg2 Qf6 62. Qh8+ Kg6 63. Qe8+ Kh7 64. Kh1
Qf1+ 65. Kh2 Qf2+ 66. Kh1 Qf3+ 67. Kh2 h3 0-1

[Event "Katowice"]
[Site "Katowice"]
[Date "2018.05.09"]
[Round "4.1"]
[White "Krzywda, Andrzej"]
[Black "Szustakowski, Antoni"]
[Result "1-0"]
[WhiteElo "2163"]
[BlackElo "2331"]
[PlyCount "109"]
[EventDate "2018.??.??"]

1. e4 e6 2. d4 d5 3. Nc3 Bb4 4. e5 Ne7 5. a3 Bxc3+ 6. bxc3 c5 7. Qg4 cxd4 8.
Bd3 Qa5 9. Ne2 O-O 10. Bh6 Ng6 11. h4 Nc6 12. f4 gxh6 13. h5 Nce7 14. hxg6 fxg6
15. Rxh6 Rf7 16. Kf2 Qc7 17. cxd4 Nf5 18. Bxf5 exf5 19. Qh4 Be6 20. Rh1 Rg7 21.
Rh3 Rc8 22. Qf6 Qd7 23. c3 Rc6 24. Ng1 g5 25. Re3 gxf4 26. Re1 Rf7 27. Qh4 Qe7
28. Qxe7 Rxe7 29. Ne2 Kg7 30. Reh1 Bg8 31. Rxc6 bxc6 32. Rb1 Rc7 33. Nxf4 c5
34. dxc5 Rxc5 35. Rb7+ Kf8 36. e6 Rc8 37. Rxa7 Re8 38. Ra6 Kg7 39. Nxd5 Rxe6
40. Rxe6 Bxe6 41. Nf4 Bb3 42. Ke3 Kf6 43. Nd3 Bd5 44. Nf4 Bc6 45. Kd4 Kg5 46.
Ke5 h5 47. c4 h4 48. c5 Bxg2 49. Nxg2 h3 50. Nf4 h2 51. Nh3+ Kg4 52. Nf2+ Kg3
53. Nh1+ Kg2 54. c6 Kxh1 55. c7 1-0

[Event "Katowice"]
[Site "Katowice"]
[Date "2018.05.09"]
[Round "4.2"]
[White "Molenda, Marcin"]
[Black "Piesik, Piotr"]
[Result "1/2-1/2"]
[WhiteElo "2383"]
[BlackElo "2372"]
[PlyCount "60"]
[EventDate "2018.??.??"]

1. d4 d5 2. c4 dxc4 3. e3 e5 4. Bxc4 exd4 5. Nf3 Bb4+ 6. Bd2 Bxd2+ 7. Qxd2 Nc6
8. O-O Nf6 9. exd4 O-O 10. d5 Ne7 11. Nc3 a6 12. a3 Qd6 13. Rfe1 Ng6 14. h3 h6
15. Rad1 Bd7 16. Bd3 Rae8 17. Bxg6 fxg6 18. Qd4 g5 19. Ne5 Bf5 20. Nc4 Qd7 21.
Rxe8 Rxe8 22. Ne3 Bg6 23. Qb4 b5 24. d6 Re6 25. dxc7 Qxc7 26. Qd4 Kh7 27. Ncd5
Nxd5 28. Qxd5 Rc6 29. Qd4 Rc1 30. Rxc1 Qxc1+ $11 1/2-1/2

[Event "Katowice"]
[Site "Katowice"]
[Date "2018.05.09"]
[Round "4.3"]
[White "Shkuran, Danylo"]
[Black "Bakalarz, Mietek"]
[Result "1/2-1/2"]
[WhiteElo "2395"]
[BlackElo "2288"]
[PlyCount "61"]
[EventDate "2018.??.??"]

1. e4 e5 2. Nf3 Nf6 3. Nc3 Nc6 4. Bb5 Nd4 5. Bc4 Bc5 6. d3 d6 7. h3 c6 8. a4
Be6 9. O-O Qe7 10. a5 O-O 11. Bxe6 Nxf3+ 12. Qxf3 fxe6 13. Qe2 b5 14. axb6 axb6
15. Be3 Bd4 16. Qd2 Nh5 17. Rxa8 Rxa8 18. Bxd4 exd4 19. Ne2 e5 20. Qb4 b5 21.
c3 dxc3 22. Qxc3 Ra6 23. d4 Nf6 24. Ng3 exd4 25. Qxd4 Qe5 26. Qd3 d5 27. exd5
Nxd5 28. Rc1 g6 29. Qd2 Qf4 30. Qe1 Kf7 31. b3 $11 1/2-1/2

[Event "Katowice"]
[Site "Katowice"]
[Date "2018.05.09"]
[Round "4.4"]
[White "Frolov, Artur"]
[Black "Pacan-Milej, Kosma"]
[Result "1/2-1/2"]
[WhiteElo "2432"]
[BlackElo "2301"]
[PlyCount "82"]
[EventDate "2018.??.??"]

1. e4 c5 2. Nf3 d6 3. d4 Nf6 4. Nc3 cxd4 5. Nxd4 a6 6. Be3 e5 7. Nb3 Be6 8. Qd2
Nbd7 9. f3 h5 10. Nd5 Bxd5 11. exd5 Qc7 12. c4 b6 13. Be2 g6 14. O-O Bg7 15.
Rac1 O-O 16. h3 Nc5 17. Nxc5 bxc5 18. Bd1 Rab8 19. Rc2 Kh7 20. g4 Qd7 21. Qh2
Kg8 22. g5 Nh7 23. Rg2 Rfe8 24. Bc1 e4 25. f4 Bd4+ 26. Kh1 Qf5 27. b3 Re7 28.
Qg3 Nxg5 29. Bxh5 e3 30. Bg4 Qf6 31. Qh4 Ne4 32. Qxf6 Nxf6 33. Bf3 a5 34. f5
Kh7 35. fxg6+ fxg6 36. Re1 Rbe8 37. Rge2 g5 38. Kg2 Kg6 39. Rf1 Re5 40. Kg3
R5e7 41. Bg4 Nxg4 $11 1/2-1/2

[Event "Katowice"]
[Site "Katowice"]
[Date "2018.05.09"]
[Round "4.5"]
[White "Teclaf, Pawel"]
[Black "Molchanov, Oleksii"]
[Result "1-0"]
[WhiteElo "2373"]
[BlackElo "2355"]
[PlyCount "89"]
[EventDate "2018.??.??"]

1. e4 e5 2. Nf3 Nc6 3. Bb5 Nf6 4. O-O Nxe4 5. d4 Nd6 6. Bxc6 dxc6 7. dxe5 Nf5
8. Qxd8+ Kxd8 9. Nc3 Ke8 10. h3 h5 11. Bf4 Be7 12. Rad1 Be6 13. Ng5 Rh6 14.
Rfe1 Rd8 15. Rxd8+ Bxd8 16. Nxe6 Rxe6 17. Ne4 b6 18. Kf1 h4 19. c3 c5 20. g4
hxg3 21. fxg3 Be7 22. h4 g6 23. Kf2 Kd7 24. Ng5 Bxg5 25. Bxg5 Re8 26. g4 Ng7
27. Rh1 Ke6 28. Bh6 Rg8 29. Re1 Ne8 30. Kf3 c6 31. b3 Nc7 32. Rd1 Ne8 33. Bf4
Ke7 34. Bg5+ Ke6 35. Kf4 b5 36. Rd8 f6 37. exf6 Rh8 38. h5 gxh5 39. gxh5 a5 40.
h6 c4 41. bxc4 bxc4 42. a4 c5 43. h7 Rf8 44. Bh6 Rxf6+ 45. Ke3 1-0

[Event "Katowice"]
[Site "Katowice"]
[Date "2018.05.09"]
[Round "5.1"]
[White "Molchanov, Oleksii"]
[Black "Krzywda, Andrzej"]
[Result "0-1"]
[WhiteElo "2355"]
[BlackElo "2163"]
[PlyCount "118"]
[EventDate "2018.??.??"]

1. Nf3 Nf6 2. c4 c5 3. Nc3 e6 4. g3 b6 5. Bg2 Bb7 6. O-O Be7 7. Re1 d6 8. e4 a6
9. d4 cxd4 10. Nxd4 Qc7 11. Be3 Nbd7 12. Rc1 Rc8 13. f4 Qb8 14. g4 Qa8 15. Bf2
g6 16. Nd5 exd5 17. exd5 Kf8 18. g5 Nh5 19. Nf5 Re8 20. Bd4 Rg8 21. Nh6 Qd8 22.
Nxg8 Kxg8 23. Qf3 Bf8 24. Rxe8 Qxe8 25. f5 Ng7 26. f6 Nf5 27. Bf2 Qe5 28. Rb1
h6 29. h4 b5 30. cxb5 hxg5 31. hxg5 axb5 32. b4 Nd4 33. Qg4 Nf5 34. Re1 Qc3 35.
Rd1 Qb2 36. Qe4 Ne5 37. Bd4 Nxd4 38. Qxd4 Qe2 39. Rf1 Qxa2 40. Re1 Bc8 41. Qc3
Bf5 42. Qd4 Bh3 43. Qe4 Bxg2 44. Qxg2 Qb3 45. Re4 Qxd5 46. Kh2 Qd1 47. Qe2 Qc1
48. Qg2 Qc3 49. Rf4 Qe3 50. Rf1 d5 51. Kh1 d4 52. Ra1 Nf3 53. Qg3 Qe4 54. Ra3
Nxg5+ 55. Kg1 Ne6 56. Rd3 Nf4 57. Qf3 Qxd3 58. Qb7 Qg3+ 59. Kh1 Qg2+ 0-1

[Event "Katowice"]
[Site "Katowice"]
[Date "2018.05.09"]
[Round "5.2"]
[White "Pacan-Milej, Kosma"]
[Black "Teclaf, Pawel"]
[Result "1/2-1/2"]
[WhiteElo "2301"]
[BlackElo "2373"]
[PlyCount "94"]
[EventDate "2018.??.??"]

1. e4 c5 2. Nf3 d6 3. d4 cxd4 4. Qxd4 Nf6 5. Bb5+ Nbd7 6. O-O e5 7. Qd3 h6 8.
c4 Be7 9. Nc3 a6 10. Bxd7+ Bxd7 11. Rd1 O-O 12. c5 dxc5 13. Nxe5 Be6 14. Qg3
Qb8 15. Bf4 Nh5 16. Nc6 bxc6 17. Bxb8 Nxg3 18. Bxg3 Rfd8 19. f3 Rd4 20. Be5 Rb4
21. Ne2 f6 22. Bc3 Rb7 23. Ng3 Rd8 24. Rxd8+ Bxd8 25. Rd1 Bc7 26. a3 Kf7 27.
Nf5 Bxf5 28. exf5 Ke7 29. Re1+ Kd7 30. Re4 Bd6 31. Rg4 Ke8 32. g3 Be5 33. Bxe5
fxe5 34. Rg6 Rxb2 35. Rxc6 Rc2 36. Rxa6 Kf7 37. Re6 Rc3 38. Kg2 Rxa3 39. Rxe5
Ra2+ 40. Kh3 Rf2 41. f4 Rc2 42. Re6 h5 43. Rc6 c4 44. Re6 Rd2 45. Rc6 Rc2 46.
Rb6 Rd2 47. Rc6 Rc2 1/2-1/2

[Event "Katowice"]
[Site "Katowice"]
[Date "2018.05.09"]
[Round "5.3"]
[White "Bakalarz, Mietek"]
[Black "Frolov, Artur"]
[Result "1/2-1/2"]
[WhiteElo "2288"]
[BlackElo "2432"]
[PlyCount "107"]
[EventDate "2018.??.??"]

1. d4 Nf6 2. Nf3 g6 3. Bf4 Bg7 4. e3 O-O 5. h3 b6 6. Be2 Bb7 7. O-O c5 8. Nbd2
Nc6 9. c3 d5 10. Ne5 Nxe5 11. Bxe5 Bh6 12. Bf4 Bxf4 13. exf4 Qd6 14. g3 cxd4
15. cxd4 Qb4 16. Nb3 Rfc8 17. Bd3 Rc7 18. Qd2 Qa4 19. f5 Ba6 20. fxg6 hxg6 21.
Bxa6 Qxa6 22. a4 Rac8 23. a5 Qb5 24. axb6 axb6 25. Qe3 Kg7 26. Nd2 Qxb2 27.
Rab1 Qc3 28. Qxc3 Rxc3 29. Rxb6 Rd3 30. Nb3 Ne4 31. Re1 e6 32. Re2 Nc3 33. Re1
Ne4 34. Re2 Rd1+ 35. Kg2 Rb1 36. Rb7 Kf6 37. Re3 Rc3 38. Rxc3 Nxc3 39. Kf3 Rh1
40. Nc5 Rxh3 41. Rb3 Ne4 42. Nxe4+ dxe4+ 43. Kxe4 Rh1 44. Rd3 Re1+ 45. Kf3 Ke7
46. d5 e5 47. Re3 Rxe3+ 48. fxe3 Kd6 49. e4 f5 50. Ke3 Kc5 51. g4 f4+ 52. Kf3
g5 53. Ke2 Kd6 54. Kf3 1/2-1/2

[Event "Katowice"]
[Site "Katowice"]
[Date "2018.05.09"]
[Round "5.4"]
[White "Piesik, Piotr"]
[Black "Shkuran, Danylo"]
[Result "1-0"]
[WhiteElo "2372"]
[BlackElo "2395"]
[PlyCount "115"]
[EventDate "2018.??.??"]

1. Nf3 d5 2. g3 Nf6 3. Bg2 c6 4. O-O Bg4 5. d3 Nbd7 6. Nbd2 e5 7. e4 dxe4 8.
dxe4 Be7 9. h3 Bxf3 10. Qxf3 O-O 11. a4 Qc7 12. Nc4 Nc5 13. Qe2 Rfe8 14. b4
Ncd7 15. Bd2 Bf8 16. Ne3 g6 17. Qc4 Rad8 18. Rfd1 Nb6 19. Qb3 Bh6 20. a5 Nc8
21. Nd5 cxd5 22. Bxh6 d4 23. Bg5 Kg7 24. c3 Qxc3 25. Qxc3 dxc3 26. Rxd8 Rxd8
27. Rc1 Rd4 28. Rxc3 Nd6 29. Rb3 Rd1+ 30. Kh2 Nb5 31. Be3 a6 32. f4 Nd7 33. Bf3
Rd6 34. Be2 Nd4 35. Rd3 f6 36. Kg2 Kf7 37. Bxd4 exd4 38. Rd2 Ke7 39. Bc4 Nb8
40. Bd5 Nc6 41. Bxc6 Rxc6 42. Rxd4 Rc2+ 43. Kf3 h5 44. e5 Rc3+ 45. Kf2 fxe5 46.
fxe5 Rb3 47. h4 Ke6 48. Rd6+ Kxe5 49. Rxg6 Rxb4 50. Rg5+ Ke4 51. Rxh5 b6 52.
axb6 Rxb6 53. Kg2 Rb2+ 54. Kh3 Ra2 55. Rg5 a5 56. h5 Ra1 57. Kg4 a4 58. h6 1-0

[Event "Katowice"]
[Site "Katowice"]
[Date "2018.05.10"]
[Round "6.1"]
[White "Krzywda, Andrzej"]
[Black "Molenda, Marcin"]
[Result "1/2-1/2"]
[WhiteElo "2163"]
[BlackElo "2383"]
[PlyCount "227"]
[EventDate "2018.??.??"]

1. e4 c5 2. Nf3 Nc6 3. d4 cxd4 4. Nxd4 g6 5. c4 Nf6 6. Nc3 d6 7. Be2 Nxd4 8.
Qxd4 Bg7 9. Be3 O-O 10. Qd2 a5 11. f3 a4 12. O-O Qa5 13. Rab1 Be6 14. Rfc1 Rfc8
15. b4 axb3 16. axb3 Qb4 17. Rc2 Nd7 18. Qc1 Nc5 19. Nd5 Bxd5 20. cxd5 Bd4 21.
Rc4 Bxe3+ 22. Qxe3 Qa3 23. e5 Nd7 24. f4 Rxc4 25. Bxc4 Qa7 26. Re1 Kf8 27. Kf2
Qxe3+ 28. Rxe3 Ra2+ 29. Kf3 Rb2 30. h3 h6 31. g3 Nc5 32. h4 Kg7 33. g4 g5 34.
fxg5 hxg5 35. exd6 exd6 36. hxg5 Nd7 37. Re7 Ne5+ 38. Ke4 b5 39. Bxb5 Rxb3 40.
Be2 Kg6 41. Ra7 Rb2 42. Ke3 Rb6 43. Kf4 Kg7 44. Ra8 Rb4+ 45. Ke3 Rb3+ 46. Ke4
Nd7 47. Kf4 Nb6 48. Ra5 Rb4+ 49. Ke3 Kg6 50. Ra7 Nxd5+ 51. Kf2 Nf4 52. Bd1 Nh3+
53. Ke3 Nxg5 54. Rd7 Rb6 55. Kd4 Ne6+ 56. Kd5 Nf4+ 57. Ke4 Rb4+ 58. Ke3 Nd5+
59. Kf3 Rb6 60. Bc2+ Kf6 61. Bf5 Nc3 62. Bh7 Kg7 63. Bd3 Rc6 64. g5 Kf8 65. g6
fxg6 66. Bxg6 Nd5 67. Rf7+ Kg8 68. Ra7 Nc7 69. Kf4 Kg7 70. Be4 Rc5 71. Ra1 Kf6
72. Rh1 Ne6+ 73. Ke3 Rc3+ 74. Kd2 Rg3 75. Rh8 Ng5 76. Bc6 Ke5 77. Ke2 Rc3 78.
Bb7 Ne6 79. Kd2 Rb3 80. Bc8 Nc5 81. Rh5+ Kd4 82. Bf5 Rb2+ 83. Bc2 d5 84. Kc1
Rb8 85. Rh4+ Kc3 86. Rh3+ Kc4 87. Bg6 Rf8 88. Rh7 Rf2 89. Rf7 Rg2 90. Bc2 Na6
91. Ra7 Nb4 92. Bf5 Kd4 93. Be6 Na2+ 94. Kd1 Nc3+ 95. Kc1 Nb5 96. Rd7 Nc3 97.
Bxd5 Nxd5 98. Rd8 Kc4 99. Kd1 Nf4 100. Rc8+ Kd4 101. Rd8+ Ke3 102. Re8+ Kf3
103. Rf8 Rh2 104. Ke1 Ke4 105. Re8+ Kd4 106. Rd8+ Nd5 107. Kd1 Kc4 108. Rc8+
Kd3 109. Kc1 Rg2 110. Rd8 Rc2+ 111. Kb1 Rc5 112. Kb2 Rb5+ 113. Kc1 Rc5+ 114.
Kb2 $11 1/2-1/2

[Event "Katowice"]
[Site "Katowice"]
[Date "2018.05.10"]
[Round "6.2"]
[White "Shkuran, Danylo"]
[Black "Szustakowski, Antoni"]
[Result "1/2-1/2"]
[WhiteElo "2395"]
[BlackElo "2331"]
[PlyCount "64"]
[EventDate "2018.??.??"]

1. e4 c5 2. Nf3 e6 3. c3 d5 4. exd5 Qxd5 5. d4 Nc6 6. Be3 cxd4 7. cxd4 Nf6 8.
Nc3 Qd8 9. a3 Be7 10. Bc4 O-O 11. O-O b6 12. d5 Na5 13. Ba2 exd5 14. Nxd5 Nxd5
15. Bxd5 Bb7 16. Bxb7 Nxb7 17. Rc1 Bf6 18. Bd4 Bxd4 19. Nxd4 Qf6 20. Rc6 Qe5
21. Re1 Qd5 22. Rc1 Nc5 23. b4 Ne6 24. Nxe6 fxe6 25. Qxd5 exd5 26. Rc7 Rf7 27.
Ree7 Rxe7 28. Rxe7 a5 29. Kf1 axb4 30. axb4 Ra4 31. Rd7 Rxb4 32. Rxd5 Kf7 $11
1/2-1/2